Robotica Industrial: Tecnologia, programación y aplicaciones / Mikell P. Groover...[et al.] (Registro nro. 11729)

Detalles MARC
000 -LÍDER
fixed length control field 00628nam a2200169 4500
008 - ELEMENTOS DE LONGITUD FIJA -- INFORMACIÓN GENERAL
fixed length control field 01993 1990 0a 000 0MEX
020 ## - NÚMERO INTERNACIONAL NORMALIZADO PARA LIBROS
ISBN 0-07-024989-X
050 ## - SIGNATURA TOPOGRAFICA DE LA BIBLIOTECA DEL CONGRESO (LC)
Número de Clasificación TJ211 G876
082 ## - NUMERO DE CLASIFICACION DECIMAL DEWEY
Número de Clasificación 001.535 G664r
100 ## - ASIENTO PRINCIPAL--NOMBRE PERSONAL
Nombre personal Groover, Mikell P.
245 ## - TÍTULO
Título Robotica Industrial: Tecnologia, programación y aplicaciones / Mikell P. Groover...[et al.]
260 ## - PUBLICACIÓN, DISTRIBUCIÓN, ETC. (PIE DE IMPRENTA)
Lugar de publicación, distribución, etc. México: McGraw-Hill
300 ## - DESCRIPCIÓN FÍSICA
Extensión xvi, 560 p. / 24 cm.
500 ## - NOTA GENERAL
Nota general Incluye contenido índice y referencias.
650 ## - ASIENTO SECUNDARIO DE MATERIA - TERMINO TEMÁTICO
Término temático o nombre geográfico como elemento de entrada 1. LASERES \ 2. ROBOTS INDUSTRIALES \ 3. VUELO ESPACIAL
700 ## - ASIENTO SECUNDARIO - NOMBRE PERSONAL
Nombre personal Dormido, Bencomo, Sebastian, Tr. \ Vaquero Sanchez Antonio Rev.
Existencias
No. biblioteca No. biblioteca Número de clasificación Código de barras/Número de adquisición Número de copia Tipo de material
LUIS G. INCLAN LUIS G. INCLAN 001.535 G664r 17125 1 Libros
LUIS G. INCLAN LUIS G. INCLAN 001.535 G664r 17152 2 Libros
LUIS G. INCLAN LUIS G. INCLAN 001.535 G664r 19863 3 Libros
LUIS G. INCLAN LUIS G. INCLAN 001.535 G664r 19864 4 Libros
LUIS G. INCLAN LUIS G. INCLAN 001.535 G664r 21261 5 Libros
LUIS G. INCLAN LUIS G. INCLAN 001.535 G664r 21262 6 Libros
LUIS G. INCLAN LUIS G. INCLAN 001.535 G664r 21263 7 Libros
LUIS G. INCLAN LUIS G. INCLAN 001.535 G664r 23462 9 Libros
Calzada Tecnológico # 27, Zacatepec, Morelos.
01(734) 343-07-23 / 343-21-10 / 343-21-11
Apdo. Postal 45 C.P 62780